Cinéma (notice n° 1618565)
[ vue normale ]
| 000 -LEADER | |
|---|---|
| fixed length control field | 00761cam a2200157 4500500 |
| 005 - DATE AND TIME OF LATEST TRANSACTION | |
| control field | 20260111090201.0 |
| 041 ## - LANGUAGE CODE | |
| Language code of text/sound track or separate title | fre |
| 042 ## - AUTHENTICATION CODE | |
| Authentication code | dc |
| 100 10 - MAIN ENTRY--PERSONAL NAME | |
| Personal name | Mambrino, Jean |
| Relator term | author |
| 245 00 - TITLE STATEMENT | |
| Title | Cinéma |
| 260 ## - PUBLICATION, DISTRIBUTION, ETC. | |
| Date of publication, distribution, etc. | 2001.<br/> |
| 500 ## - GENERAL NOTE | |
| General note | 31 |
| 520 ## - SUMMARY, ETC. | |
| Summary, etc. | RésuméCe qui caractérise Marie Noël, c’est le contraste entre l’âpreté, la stridence, la folie même de certains cris, et, d’autre part, une confiance si abandonnée et souriante que ces cris s’en trouvent annulés et rendus dérisoires. Marie Noël, c’est un enfant qui hurle de peur... mais dans les bras de son père. |
| 786 0# - DATA SOURCE ENTRY | |
| Note | Études | 394 | 2 | 2001-02-01 | p. 251-254 | 0014-1941 |
| 856 41 - ELECTRONIC LOCATION AND ACCESS | |
| Uniform Resource Identifier | <a href="https://shs.cairn.info/revue-etudes-2001-2-page-251?lang=fr&redirect-ssocas=7080">https://shs.cairn.info/revue-etudes-2001-2-page-251?lang=fr&redirect-ssocas=7080</a> |
Pas d'exemplaire disponible.




Réseaux sociaux